000 00464nam a22001577a 4500
999 _c7936
_d7937
008 190425b ||||| |||| 00| 0 eng d
082 _a301 H32c 1974
100 _aHarris, Marvin,
245 _aCows, pigs, wars, & witches:
_bthe riddles of culture.
250 _a1st ed.
260 _aLondon ;
_bFontana,
_c1974
300 _a192 p.
_c18 cm.
500 _a Includes bibliographical references.
650 _a Ethnology--Miscellanea. Witchcraft.
942 _2ddc